00446nam a2200181Ia 4500003000900000008004100009040001300050040001300063041000800076100001900084245010100103250001000204260001400214260000900228300001100237300001000248490000600258IT-RoPAU120407s9999 xx 000 0 und d aIT-RoPAU cIT-RoPAU afra aPaul Evdokimov aLa femme et le salut du monde. Etude d’antropologie chrétienne sur les charisme de la femme. aParis aCasterman c1958 a273 p. c21 cm v1